00818nas a2200169 a 4500008004100000050001900041110005800060245017100118260004300289300000600332350000900338650004100347650001900388995009900407999001700506952012500523120416c20069999||||||||||||||||| || u aUN-ECE(058)ADR aUnited Nations Economic Commission for Europe (UNECE)10aEuropean Agreement concerning the International Carriage of Dangerous Goods by Road (ADR)cby United Nations Economic Commission for Europe Inland Transport Committee aNew York :bUNITED NATIONSc06/04/2006 a1 a0.00 0aHAZARDOUS SUBSTANCES--TRANSPORTATION aTRANSPORTATION D0.00FCBU-MAIN LIBRARY (Kitwe)H1I0.00M1UAVAILABLEWApr 6, 2006ZInternational Publications c42573d42573 00102lcc4070a001b001cInternational Publicationsd2022-11-30l0oUN-ECE(058)ADRp44030r2022-11-30w2022-11-30y002